GNOSEOLOGIA (Registro nro. 55421)
[ vista simple ]
| 000 -LEADER | |
|---|---|
| fixed length control field | 00944nam a2200193 a 4500 |
| 001 - CONTROL NUMBER | |
| control field | 55421 |
| 005 - DATE AND TIME OF LATEST TRANSACTION | |
| control field | 20180714050722.0 |
| 008 - FIXED-LENGTH DATA ELEMENTS--GENERAL INFORMATION | |
| fixed length control field | 140415s2007 sp 000 0 spa d |
| 020 ## - INTERNATIONAL STANDARD BOOK NUMBER | |
| International Standard Book Number | 9788431320898 |
| 041 ## - LANGUAGE CODE | |
| Language code of text/sound track or separate title | spa |
| 082 ## - DEWEY DECIMAL CLASSIFICATION NUMBER | |
| Classification number | 110 |
| Item number | LLA |
| 100 1# - MAIN ENTRY--PERSONAL NAME | |
| Personal name | Llano, Alejandro, |
| Dates associated with a name | 1943- |
| 245 10 - TITLE STATEMENT | |
| Title | GNOSEOLOGIA |
| 250 ## - EDITION STATEMENT | |
| Edition statement | 6a ed. |
| 260 ## - PUBLICATION, DISTRIBUTION, ETC. | |
| Place of publication, distribution, etc. | ESPAÑA : |
| Name of publisher, distributor, etc. | EUNSA, |
| Date of publication, distribution, etc. | 2007 |
| 300 ## - PHYSICAL DESCRIPTION | |
| Extent | 84 |
| Dimensions | 14.5 x 1.3 x 21.4 |
| 520 ## - SUMMARY, ETC. | |
| Summary, etc. | SE DIRIGE ESTE LIBRO A QUIENES DESEEN INICIARSE EN EL ESTUDIO DE LA TEORIA METAFISICA DEL CONOCIMIENTO. ES ESTE UN TERRITORIO FILOSOFICO CUYA DIFICULTAD ES TAN NOTORIA COMO SI INTERES . LA CAPACIDAD DE CONOCER ES UNA REALIDAD RADICAL Y SORPRENDENTE, QUE HA TRAIDO EN VILO DESDE ANTIGUO LA ADMIRACION DE LOS FILOSOFOS. PERO EL PROBLEMA DEL ALCANCE Y LA VALIDEZ DEL CONOCIMIENTO HUMANO TAMBIEN HA SIDO OBJETO DE PROFUNDAS Y SUTILES DISCUSIONES, ESPECIALMENTE EN LOS TIEMPOS NUEVOS. |
| 650 14 - SUBJECT ADDED ENTRY--TOPICAL TERM | |
| Topical term or geographic name entry element | METAFISICA |
| Withdrawn status | Lost status | Source of classification or shelving scheme | Damaged status | Not for loan | Collection code | Home library | Current library | Shelving location | Date acquired | Source of acquisition | Inventory number | Total Checkouts | Full call number | Barcode | Date last seen | Price effective from | Koha item type | Date last checked out |
|---|---|---|---|---|---|---|---|---|---|---|---|---|---|---|---|---|---|---|
| Dewey Decimal Classification | General | Biblioteca Karol Wojtyla | Biblioteca Karol Wojtyla | Sala general | 03/12/2013 | Compra | 151000000000000000060503 | 3 | 110 LLA | 75813 | 05/01/2026 | 03/12/2013 | Libro | 30/08/2023 | ||||
| Dewey Decimal Classification | General | Centro de Estudios en Ciencia y Religión | Centro de Estudios en Ciencia y Religión | Sala general | 03/12/2013 | Compra | 151000000000000000078110 | 110 LLA | 83119 | 05/01/2026 | 20/11/2015 | Libro |